| 000 | 00489nam a2200133Ia 4500 | ||
|---|---|---|---|
| 008 | 170516s9999 xx 000 0 und d | ||
| 245 | _aAutomatic MRI segmentation of para-pharyngeal fat pads using interactive visual feature space analysis for classification | ||
| 260 | _bBMC Medical Imaging | ||
| 260 | _c2017 | ||
| 300 | _a17: | ||
| 650 | _xMedical Technology | ||
| 650 | _xMedtech | ||
| 856 | _uhttp://bmcmedimaging.biomedcentral.com/articles?query=&volume=17&searchType=&tab=keyword | ||
| 999 |
_c330019 _d330019 |
||